[Event "Polanica Zdroj op-D 58th"]
[Site "Polanica Zdroj"]
[Date "2022.08.19"]
[Round "7"]
[White "Litwin, Tomasz"]
[Black "Galazka, Michal"]
[Result "1/2-1/2"]
[WhiteElo "1580"]
[BlackElo "1216"]
[PlyCount "72"]
[EventDate "2022.08.13"]
[EventType "swiss"]
[EventRounds "9"]
[EventCountry "POL"]
[SourceTitle "CBM 210 Extra"]
[Source "ChessBase"]
[SourceDate "2022.11.30"]
[SourceVersion "1"]
[SourceVersionDate "2022.11.30"]
[SourceQuality "1"]

1. b4 d5 2. Bb2 Bf5 3. e3 Nf6 4. Nf3 h6 5. c4 e6 6. Qb3 c6 7. d4 Nbd7 8. Nbd2 Be7 9. a4 0-0 10. Be2 a6 11. b5 axb5 12. axb5 Rxa1+ 13. Bxa1 cxb5 14. cxd5 exd5 15. Qxb5 Qb6 16. 0-0 Qxb5 17. Bxb5 Rc8 18. Nb3 Bb4 19. Rc1 Rxc1+ 20. Nxc1 Kf8 21. Kf1 Ke7 22. Ke2 Ne4 23. Nd3 Bc3 24. Bxd7 Bxd7 25. Bxc3 Nxc3+ 26. Kd2 Ne4+ 27. Kc2 f6 28. Nfe1 Kd8 29. f3 Nd6 30. Kb3 Nf5 31. Nc2 Nh4 32. Nde1 Bc6 33. g3 Nf5 34. Nd3 Ne7 35. Nc5 g6 36. e4 b6 1/2-1/2

[Event "Polanica Zdroj op-D 58th"]
[Site "Polanica Zdroj"]
[Date "2022.08.18"]
[Round "6"]
[White "Suszczynski, Dominik"]
[Black "Litwin, Tomasz"]
[Result "1/2-1/2"]
[WhiteElo "1329"]
[BlackElo "1580"]
[PlyCount "61"]
[EventDate "2022.08.13"]
[EventType "swiss"]
[EventRounds "9"]
[EventCountry "POL"]
[SourceTitle "CBM 210 Extra"]
[Source "ChessBase"]
[SourceDate "2022.11.30"]
[SourceVersion "1"]
[SourceVersionDate "2022.11.30"]
[SourceQuality "1"]

1. e4 e6 2. Nf3 d5 3. e5 c5 4. b4 cxb4 5. d4 Ne7 6. a3 Nf5 7. axb4 Bxb4+ 8. c3 Bf8 9. Na3 Bd7 10. Bd3 Nc6 11. Nb5 a6 12. g4 axb5 13. Rxa8 Qxa8 14. gxf5 exf5 15. Qb3 Qa5 16. 0-0 b4 17. Bb2 Be6 18. Ra1 Qd8 19. c4 Be7 20. cxd5 Qxd5 21. Ra8+ Bd8 22. Qxd5 Bxd5 23. Nd2 Ne7 24. Nc4 0-0 25. Ne3 Be6 26. Rb8 f4 27. Nc4 Bd5 28. Nd6 Nc6 29. Ra8 Bb6 30. Bxh7+ Kxh7 31. Rxf8 1/2-1/2

[Event "Polanica Zdroj op-D 58th"]
[Site "Polanica Zdroj"]
[Date "2022.08.15"]
[Round "3"]
[White "Litwin, Tomasz"]
[Black "Urbanski, Wojciech"]
[Result "1/2-1/2"]
[WhiteElo "1580"]
[BlackElo "1632"]
[PlyCount "36"]
[EventDate "2022.08.13"]
[EventType "swiss"]
[EventRounds "9"]
[EventCountry "POL"]
[SourceTitle "CBM 210 Extra"]
[Source "ChessBase"]
[SourceDate "2022.11.30"]
[SourceVersion "1"]
[SourceVersionDate "2022.11.30"]
[SourceQuality "1"]

1. b4 d5 2. Bb2 e6 3. e3 Nf6 4. b5 c5 5. Nf3 Be7 6. c4 Nbd7 7. Be2 0-0 8. 0-0 Qc7 9. d3 b6 10. Qb3 Bb7 11. Nbd2 Bd6 12. h3 Rfd8 13. Rfd1 Ne5 14. Nxe5 Bxe5 15. a4 Bxb2 16. Qxb2 a5 17. Rac1 Rac8 18. Bf3 Nd7 1/2-1/2

[Event "POL-ch Seniors"]
[Site "Szklarska Poreba"]
[Date "2022.05.20"]
[Round "9"]
[White "Swierczynski, Stanislaw1111"]
[Black "Litwin, Tomasz"]
[Result "1/2-1/2"]
[WhiteElo "1559"]
[BlackElo "1599"]
[PlyCount "84"]
[EventDate "2022.05.13"]
[EventType "swiss"]
[EventRounds "9"]
[EventCountry "POL"]
[SourceTitle "EXT 2024"]
[Source "ChessBase"]
[SourceDate "2023.10.10"]
[SourceVersion "1"]
[SourceVersionDate "2023.10.10"]
[SourceQuality "1"]

1. e4 g6 2. d4 Bg7 3. Nf3 d6 4. Be2 Nf6 5. Nc3 a6 6. a4 b6 7. 0-0 0-0 8. h3 Bb7 9. Bd3 Nbd7 10. Be3 c5 11. Qd2 cxd4 12. Bxd4 Nc5 13. Rfe1 Qd7 14. b4 Nxd3 15. cxd3 b5 16. a5 Rac8 17. Rac1 e6 18. Be3 Rc6 19. Bh6 Rfc8 20. Bxg7 Kxg7 21. Ne2 e5 22. Rxc6 Rxc6 23. Rc1 h6 24. Rxc6 Qxc6 25. Qc3 Qxc3 26. Nxc3 Kf8 27. Kf1 Ke7 28. Ke2 Ke6 29. Ke3 d5 30. exd5+ Bxd5 31. g3 Bc6 32. Nd2 Nd7 33. d4 f5 34. dxe5 Nxe5 35. f4 Nd7 36. h4 Nf6 37. Nb3 Nd7 38. Kd4 Kd6 39. Nc5 Nb8 40. Ne2 Bd5 41. Nc3 Bc4 42. Nd1 Bd5 1/2-1/2

[Event "POL-ch Seniors"]
[Site "Szklarska Poreba"]
[Date "2022.05.17"]
[Round "6"]
[White "Litwin, Tomasz"]
[Black "Kasperek, Zbigniew"]
[Result "1-0"]
[WhiteElo "1599"]
[BlackElo "1487"]
[PlyCount "57"]
[EventDate "2022.05.13"]
[EventType "swiss"]
[EventRounds "9"]
[EventCountry "POL"]
[SourceTitle "EXT 2024"]
[Source "ChessBase"]
[SourceDate "2023.10.10"]
[SourceVersion "1"]
[SourceVersionDate "2023.10.10"]
[SourceQuality "1"]

1. b4 e6 2. Bb2 Nf6 3. b5 d5 4. e3 Be7 5. c4 c6 6. a4 0-0 7. Nf3 Nbd7 8. d4 Re8 9. Nbd2 Nf8 10. Qc2 h6 11. Bd3 N6d7 12. 0-0 f5 13. a5 Nf6 14. a6 Ne4 15. Ne5 Bd6 16. axb7 Bxb7 17. bxc6 Bc8 18. Ndf3 a5 19. Ba3 Ba6 20. Bxd6 Qxd6 21. c5 Bxd3 22. Qxd3 Qc7 23. Rfb1 Ra7 24. Rb6 Nd6 25. Qb3 Nc8 26. Rb7 Rxb7 27. Qxb7 Re7 28. Qxc7 Rxc7 29. Rxa5 1-0

[Event "POL-ch Seniors"]
[Site "Szklarska Poreba"]
[Date "2022.05.15"]
[Round "3"]
[White "Blasiak, Miroslaw"]
[Black "Litwin, Tomasz"]
[Result "0-1"]
[WhiteElo "1661"]
[BlackElo "1599"]
[PlyCount "70"]
[EventDate "2022.05.13"]
[EventType "swiss"]
[EventRounds "9"]
[EventCountry "POL"]
[SourceTitle "EXT 2024"]
[Source "ChessBase"]
[SourceDate "2023.10.10"]
[SourceVersion "1"]
[SourceVersionDate "2023.10.10"]
[SourceQuality "1"]

1. e4 g6 2. d4 Bg7 3. Nc3 d6 4. f4 a6 5. Nf3 Nd7 6. Be3 b6 7. Qd2 Bb7 8. 0-0-0 h6 9. Bd3 e6 10. f5 gxf5 11. exf5 e5 12. dxe5 Nxe5 13. Nxe5 Bxe5 14. Rhe1 Qd7 15. Ne4 0-0-0 16. g4 f6 17. Qe2 Qa4 18. Nc3 Bxc3 19. bxc3 Re8 20. Bc4 Ne7 21. Be6+ Kb8 22. Rd4 Qa3+ 23. Kb1 Nc6 24. Rd3 Ne5 25. Bc1 Qc5 26. Re3 Bc6 27. c4 b5 28. cxb5 Bxb5 29. Qd2 Bc4 30. Ba3 Qb5+ 31. Ka1 Ka8 32. Rb1 Qc6 33. Rc3 Rb8 34. Rxb8+ Rxb8 35. Qd4 Qh1+ 0-1

[Event "POL-ch Seniors"]
[Site "Szklarska Poreba"]
[Date "2022.05.14"]
[Round "1"]
[White "Zawierucha, Aleksander"]
[Black "Litwin, Tomasz"]
[Result "1-0"]
[WhiteElo "1941"]
[BlackElo "1599"]
[PlyCount "41"]
[EventDate "2022.05.13"]
[EventType "swiss"]
[EventRounds "9"]
[EventCountry "POL"]
[SourceTitle "EXT 2024"]
[Source "ChessBase"]
[SourceDate "2023.10.10"]
[SourceVersion "1"]
[SourceVersionDate "2023.10.10"]
[SourceQuality "1"]

1. d4 g6 2. c4 Bg7 3. Nf3 d6 4. Nc3 Nf6 5. e4 0-0 6. Be2 Nc6 7. d5 Nb8 8. 0-0 c6 9. h3 Na6 10. Be3 Qc7 11. Rc1 e6 12. Qd2 Ne8 13. Rfd1 Bd7 14. dxc6 Qxc6 15. Nd4 Bxd4 16. Bxd4 Nc5 17. e5 Ne4 18. Nxe4 Qxe4 19. Bf3 Qf5 20. Bxb7 Rb8 21. g4 1-0